| 000 | 00000nam##2200000za#4500 |
| 001 | 9.636281 |
| 003 | CaOODSP |
| 005 | 20210624220649 |
| 007 | cr ||||||||||| |
| 008 | 150407|2009||||xxc|||||o f|0| 0 fre|d |
| 020 | |a978-1-100-91092-5 |
| 040 | |aCaOODSP|bfre |
| 043 | |an-cn--- |
| 086 | 1 |aHS38-16/7-2009F-PDF |
| 110 | 1 |aCanada. |bRessources humaines et développement des compétences Canada. |
| 245 | 10|aCahier d'exercices d'acquisition de vocabulaire / |h[ressource électronique]|c[publié par] le Bureau de l'alphabétisation et des compétences essentielles. |
| 260 | |aOttawa - Ontario : |bRessources humaines et Développement des compétences Canada |cc2009. |
| 300 | |a284p.|bfigures, glossaire, tableaux |
| 520 | 3 |aConçu pour vous aider à élargir votre vocabulaire. Il comprend 24 leçons accompagnées de divers exercices pour vous aider à apprendre les mots d’usage courant dans le milieu de travail canadien. |
| 590 | |a11-07-Supp|b2011-05-17 |
| 691 | 07|aTerminologie|2gcpds |
| 775 | 08|tVocabulary building workbook / |w(CaOODSP)9.692001 |
| 776 | 0#|tCahier d'exercices d'acquisition de vocabulaire / |w(CaOODSP)9.684548 |
| 856 | 40|ahttp://publications.gc.ca|qPDF|s1.35 Mo|uhttps://publications.gc.ca/collections/collection_2011/rhdcc-hrsdc/HS38-16-7-2009-fra.pdf |
| 986 | |aWP-102-02-09F |